000 00784nam a22002655i 4500
001 11483
003 ES-MaACL
005 20230906150118.0
007 t|
008 940107s1992 sp ||||0| spa j
020 _a84-7100-375-9
040 _aM-BN
_bspa
_cM-BN
080 _a9(=97:729)
100 1 _aCassá, Roberto.
_936336
245 1 4 _aLos indios de las Antillas /
_cRoberto Cassá.
260 _aMadrid :
_bMAPFRE,
_c[1992]
300 _a330 p :
_bmap ;
_c23 cm.
490 1 _aColección Indios de América ;
_v3
500 _aIndices.
504 _aBibliografía: p. [319]-322.
650 1 4 _aIndios de las Antillas-
_xHistoria.
_913695
830 0 _aColección Indios de América ;
_v3
_9179123
852 _aES-MaACL
_jL-18808
_bR.124194
999 _c11483
_d11483